| Tag |
First Indicator |
Second Indicator |
Subfields |
| LEADER |
00000cam a2200000 a 4500 |
| 001 |
in00001490513 |
| 005 |
20151021065600.0 |
| 008 |
990426s1999 at a b 001 0 eng d |
| 020 |
|
|
|a 9057023709
|
| 035 |
|
|
|a (OCoLC)41250565
|
| 035 |
|
|
|9 AJG8594AM
|
| 040 |
|
|
|a AGL
|c AGL
|d TXA
|d UtOrBLW
|
| 049 |
|
|
|a TXAM
|
| 070 |
0 |
|
|a QP552.M64M75
|b 1999
|
| 072 |
|
0 |
|a X300
|
| 090 |
|
|
|a QP552.M64
|b M75 1999
|
| 245 |
0 |
0 |
|a Molecular chaperones and folding catalysts :
|b regulation, cellular function and mechanisms /
|c edited by Bernd Bukau.
|
| 264 |
|
1 |
|a Australia :
|b Hardwood Academic Publishers,
|c [1999]
|
| 264 |
|
4 |
|c ©1999
|
| 300 |
|
|
|a xix, 690 pages :
|b illustrations (some color) ;
|c 26 cm.
|
| 336 |
|
|
|a text
|b txt
|2 rdacontent
|
| 337 |
|
|
|a unmediated
|b n
|2 rdamedia
|
| 338 |
|
|
|a volume
|b nc
|2 rdacarrier
|
| 504 |
|
|
|a Includes bibliographical references and index.
|
| 650 |
|
0 |
|a Molecular chaperones.
|
| 650 |
|
0 |
|a Protein folding.
|
| 650 |
|
0 |
|a Catalysts.
|
| 700 |
1 |
|
|a Bukau, Bernd.
|
| 948 |
|
|
|a c:jh
|
| 999 |
|
|
|a MARS
|
| 999 |
f |
f |
|s 440d32a5-7a4a-3c8e-8fa7-f42ff737bc27
|i 9b80af5b-17a8-3f12-a102-043dc7421161
|t 0
|
| 952 |
f |
f |
|p normal
|a Texas A&M University
|b College Station
|c Sterling C. Evans Library
|d Evans: Library Stacks
|t 0
|e QP552.M64 M75 1999
|h Library of Congress classification
|i unmediated -- volume
|m A14824989304
|
| 998 |
f |
f |
|a QP552.M64 M75 1999
|t 0
|l Evans: Library Stacks
|